| 000 | 00772nam a2200241Ia 4500 | ||
|---|---|---|---|
| 003 | OSt | ||
| 005 | 20250805150803.0 | ||
| 008 | 210210b2010 xxu||||| |||| 00| 0 eng d | ||
| 040 | _cAL | ||
| 041 | _aKannada | ||
| 082 | _a613.7046K KESV | ||
| 100 |
_aKESHAVAMURTI (H S) _dಕೇಶವಮೂರ್ತಿ (ಹೆಚ್ ಎಸ್) _9234027 |
||
| 245 |
_aVividha vyadhigalige yoga chikitse _b ವಿವಿಧ ವ್ಯಾಧಿಗಳಿಗೆ ಯೋಗ ಚಿಕಿತ್ಸೆ |
||
| 260 |
_aShivamogga _bVijayavahini pablikeshans _c2010 |
||
| 300 | _axii,161 | ||
| 650 |
_ayoAga _9234028 |
||
| 650 |
_avyAdhigaLige _9234029 |
||
| 650 |
_aVividha _9234030 |
||
| 650 |
_achikitse _9234031 |
||
| 690 |
_aPhysical Fitness _9234032 |
||
| 906 | _a064676 | ||
| 942 |
_2ddc _cBK |
||
| 999 |
_c142833 _d142833 |
||